[Event "Petrozavodsk Karelian Autumn"]
[Site "Petrozavodsk"]
[Date "2013.10.17"]
[Round "7"]
[White "Burkov, German"]
[Black "Yaakkimainen, Vyaino R"]
[Result "0-1"]
[WhiteElo "2122"]
[BlackElo "2155"]
[PlyCount "160"]
[EventDate "2013.10.12"]
[EventType "swiss"]
[EventRounds "9"]
[EventCountry "RUS"]
[SourceTitle "EXT 2014"]
[Source "ChessBase"]
[SourceDate "2013.11.20"]
[SourceVersion "1"]
[SourceVersionDate "2013.11.20"]
[SourceQuality "1"]

1. Nf3 d5 2. d4 Nf6 3. g3 e6 4. Bg2 Be7 5. Bg5 Nbd7 6. 0-0 0-0 7. Nbd2 b6 8. c4 Bb7 9. cxd5 exd5 10. Rc1 c5 11. e3 Bd6 12. Re1 Qc7 13. dxc5 bxc5 14. Nd4 Qb6 15. Nf5 Be5 16. b3 Rfe8 17. Qc2 Rac8 18. Bh3 Qc6 19. Bg2 Qb6 20. Bf4 a5 21. Nh4 Bxf4 22. gxf4 Ba6 23. Bh3 c4 24. Nf5 c3 25. Nf3 Rc7 26. N5d4 Ne4 27. Bg2 Ndc5 28. Rcd1 Rec8 29. Ng5 Qg6 30. f3 Nxg5 31. Qxg6 hxg6 32. fxg5 Nd3 33. Rxd3 Bxd3 34. Bf1 Bxf1 35. Kxf1 c2 36. Rc1 Rc3 37. Ke2 Re8 38. Nxc2 Rexe3+ 39. Nxe3 Rxc1 40. Nxd5 Rc2+ 41. Kd3 Rxa2 42. Kc4 a4 43. bxa4 Rxa4+ 44. Kd3 Rh4 45. Ke3 Rxh2 46. f4 Rh3+ 47. Ke4 Kf8 48. Ke5 Rd3 49. Ke4 Ra3 50. Ke5 Ke8 51. Kd6 Ra6+ 52. Ke5 Re6+ 53. Kd4 Kd7 54. Nc3 Rd6+ 55. Ke4 Rc6 56. Nd5 Kd6 57. Ne3 Ke6 58. Kd4 f5 59. Kd3 Rd6+ 60. Ke2 Rd4 61. Kf3 Kd6 62. Ng2 Kc5 63. Ke3 Kc4 64. Nh4 Rd6 65. Ke2 Re6+ 66. Kf3 Kd3 67. Ng2 Kd2 68. Nh4 Rd6 69. Kf2 Kd3 70. Kf3 Kc2 71. Ke2 Re6+ 72. Kf2 Kd3 73. Kf3 Re3+ 74. Kf2 Ke4 75. Nxg6 Rf3+ 76. Ke2 Rxf4 77. Ne7 Rg4 78. g6 f4 79. Kf2 Rg5 80. Ke2 Rc5 0-1

[Event "Petrozavodsk Karelian Autumn"]
[Site "Petrozavodsk"]
[Date "2013.10.14"]
[Round "4"]
[White "Burkov, German"]
[Black "Dmitriev, Andrey V"]
[Result "0-1"]
[WhiteElo "2122"]
[BlackElo "1963"]
[PlyCount "68"]
[EventDate "2013.10.12"]
[EventType "swiss"]
[EventRounds "9"]
[EventCountry "RUS"]
[SourceTitle "EXT 2014"]
[Source "ChessBase"]
[SourceDate "2013.11.20"]
[SourceVersion "1"]
[SourceVersionDate "2013.11.20"]
[SourceQuality "1"]

1. Nf3 d5 2. g3 c6 3. Bg2 Bg4 4. h3 Bh5 5. b3 Nd7 6. Bb2 e6 7. 0-0 Ngf6 8. d3 Be7 9. Nbd2 0-0 10. c4 h6 11. Re1 a5 12. a3 b5 13. cxb5 cxb5 14. d4 Qb6 15. Ne5 Nxe5 16. dxe5 Nd7 17. g4 Bg6 18. e4 Bc5 19. Rf1 dxe4 20. Nxe4 Bxe4 21. Bxe4 Rad8 22. Qe2 Nb8 23. Rac1 Rd7 24. Bb1 g6 25. Rfd1 Rfd8 26. Rxd7 Rxd7 27. Kf1 Kg7 28. Be4 Na6 29. Qf3 Rd2 30. Rc2 Rxc2 31. Bxc2 Be7 32. Be4 Nc5 33. Bc6 Nxb3 34. Be8 Nd2+ 0-1

[Event "Petrozavodsk Karelian Autumn"]
[Site "Petrozavodsk"]
[Date "2013.10.12"]
[Round "1"]
[White "Potievskaya, Alexandra"]
[Black "Burkov, German"]
[Result "1-0"]
[WhiteElo "1901"]
[BlackElo "2122"]
[PlyCount "71"]
[EventDate "2013.10.12"]
[EventType "swiss"]
[EventRounds "9"]
[EventCountry "RUS"]
[SourceTitle "EXT 2014"]
[Source "ChessBase"]
[SourceDate "2013.11.20"]
[SourceVersion "1"]
[SourceVersionDate "2013.11.20"]
[SourceQuality "1"]

1. e4 c5 2. Nf3 d6 3. d4 cxd4 4. Nxd4 a6 5. Nc3 Nc6 6. Be2 g6 7. Be3 Bg7 8. 0-0 Nf6 9. Nb3 0-0 10. f4 b5 11. a3 Bb7 12. Bf3 e5 13. f5 gxf5 14. exf5 Re8 15. Ne4 Nxe4 16. Bxe4 Qh4 17. Nd2 Na5 18. Bxb7 Nxb7 19. Bf2 Qh6 20. Ne4 Rac8 21. Qd3 Nc5 22. Bxc5 dxc5 23. Qg3 Kh8 24. f6 Bf8 25. Rf5 c4 26. Kh1 c3 27. b4 Rc4 28. Re1 Rxe4 29. Rxe4 Qc1+ 30. Re1 Qxc2 31. Rg5 Bd6 32. Rgxe5 Rg8 33. Re8 Qg6 34. Rxg8+ Kxg8 35. Re8+ Bf8 36. Rxf8+ 1-0

[Event "Karelian Autumn"]
[Site "Petrozavodsk"]
[Date "2011.10.15"]
[Round "9"]
[White "Toivonen, Alexander"]
[Black "Burkov, German"]
[Result "1-0"]
[WhiteElo "2245"]
[BlackElo "2135"]
[PlyCount "105"]
[EventDate "2011.10.08"]
[EventType "swiss"]
[EventRounds "9"]
[EventCountry "RUS"]
[SourceTitle "EXT 2012"]
[Source "ChessBase"]
[SourceDate "2011.11.24"]
[SourceVersion "1"]
[SourceVersionDate "2011.11.24"]
[SourceQuality "1"]

1. d4 Nf6 2. Nc3 g6 3. e4 d6 4. Bg5 c6 5. Qd2 Bg7 6. Bh6 Bxh6 7. Qxh6 Qa5 8. Qd2 Nbd7 9. Nf3 e5 10. Rd1 exd4 11. Qxd4 0-0 12. Be2 d5 13. exd5 Nxd5 14. 0-0 Nxc3 15. bxc3 Qc5 16. Qh4 Kg7 17. Rfe1 Nf6 18. Rd4 Re8 19. Kf1 Qh5 20. Qxh5 Nxh5 21. Bc4 Rf8 22. Ng5 h6 23. Ne4 Nf4 24. Nc5 g5 25. Nd7 Bxd7 26. Rxd7 b5 27. Bd3 Nxd3 28. cxd3 Rad8 29. Ree7 Rxd7 30. Rxd7 a5 31. Ke2 Re8+ 32. Kd2 Kf6 33. Ra7 a4 34. Ra6 Re6 35. c4 Ke5 36. Ra5 Kd4 37. cxb5 cxb5 38. Rxb5 Ra6 39. a3 Rf6 40. f3 Ra6 41. Rb4+ Kd5 42. d4 f6 43. Kd3 f5 44. Rb5+ Ke6 45. Re5+ Kf6 46. Re2 Rb6 47. d5 Rb3+ 48. Kc4 Rxa3 49. d6 Ra1 50. Rd2 Rc1+ 51. Kb5 Rc8 52. d7 Rb8+ 53. Kc6 1-0

[Event "Karelian Autumn"]
[Site "Petrozavodsk"]
[Date "2011.10.08"]
[Round "1"]
[White "Burkov, German"]
[Black "Radkov, Bazhen D"]
[Result "1-0"]
[WhiteElo "2135"]
[BlackElo "1759"]
[PlyCount "73"]
[EventDate "2011.10.08"]
[EventType "swiss"]
[EventRounds "9"]
[EventCountry "RUS"]
[SourceTitle "EXT 2012"]
[Source "ChessBase"]
[SourceDate "2011.11.24"]
[SourceVersion "1"]
[SourceVersionDate "2011.11.24"]
[SourceQuality "1"]

1. Nf3 d5 2. g3 g6 3. Bg2 Bg7 4. d4 Nf6 5. c4 c6 6. cxd5 cxd5 7. Nc3 Nc6 8. Ne5 0-0 9. Nxc6 bxc6 10. 0-0 Bf5 11. Bf4 Nh5 12. Na4 Nxf4 13. gxf4 Qd6 14. Qd2 Bh6 15. e3 g5 16. fxg5 Bxg5 17. f4 Bh6 18. Nc5 f6 19. Rac1 e5 20. Qf2 Qe7 21. Rc3 Kh8 22. Qh4 Qg7 23. e4 Bxf4 24. exf5 Rg8 25. Qh3 exd4 26. Rcf3 Be3+ 27. Kh1 Rab8 28. b3 Rb5 29. Ne6 Qe7 30. Rxe3 dxe3 31. Qxe3 Ra5 32. Qd2 Qa3 33. Rf2 Rb5 34. Re2 Qd6 35. Qh6 Qe7 36. Nf4 Qg7 37. Ng6+ 1-0

[Event "St Petersburg Botvinnik 100 op"]
[Site "St Petersburg"]
[Date "2011.08.20"]
[Round "9"]
[White "Kharchenko, Daniil"]
[Black "Burkov, German"]
[Result "1/2-1/2"]
[WhiteElo "1938"]
[BlackElo "2162"]
[PlyCount "99"]
[EventDate "2011.08.12"]
[EventType "swiss"]
[EventRounds "9"]
[EventCountry "RUS"]
[SourceTitle "CBM 143 Extra"]
[Source "ChessBase"]
[SourceDate "2011.08.29"]
[SourceVersion "1"]
[SourceVersionDate "2011.08.29"]
[SourceQuality "1"]

1. e4 c5 2. Nf3 Nc6 3. d4 cxd4 4. Nxd4 Nf6 5. Nc3 d6 6. Be2 a6 7. 0-0 e5 8. Nxc6 bxc6 9. Bg5 h6 10. Bxf6 Qxf6 11. Qd2 Qf4 12. Qxf4 exf4 13. Bf3 Rb8 14. Rab1 Be7 15. Ne2 g5 16. Nd4 c5 17. Nc6 Rb6 18. e5 dxe5 19. Nxe5 0-0 20. Rfe1 Bf6 21. Nc4 Rb4 22. b3 Be6 23. a3 Rbb8 24. Nd6 Bd4 25. h3 Rfd8 26. Ne4 Bd5 27. Red1 Bxe4 28. Bxe4 a5 29. a4 Kg7 30. Bd3 Bc3 31. Bc4 Rd4 32. Kf1 Rbd8 33. Rd3 Rxd3 34. Bxd3 Kf6 35. Ke2 Re8+ 36. Kf3 h5 37. Rd1 Bd4 38. Bb5 Re7 39. Bc4 Kg6 40. g3 fxg3 41. Kxg3 f5 42. Kg2 g4 43. hxg4 hxg4 44. f3 Kg5 45. fxg4 Kxg4 46. Rf1 Re3 47. Bb5 Rg3+ 48. Kh2 Be5 49. Rg1 Rxg1+ 50. Kxg1 1/2-1/2

[Event "St Petersburg Botvinnik 100 op"]
[Site "St Petersburg"]
[Date "2011.08.19"]
[Round "8"]
[White "Burkov, German"]
[Black "Safronov, Kirill"]
[Result "1-0"]
[WhiteElo "2162"]
[BlackElo "1942"]
[PlyCount "57"]
[EventDate "2011.08.12"]
[EventType "swiss"]
[EventRounds "9"]
[EventCountry "RUS"]
[SourceTitle "CBM 143 Extra"]
[Source "ChessBase"]
[SourceDate "2011.08.29"]
[SourceVersion "1"]
[SourceVersionDate "2011.08.29"]
[SourceQuality "1"]

1. Nf3 d6 2. d4 Nf6 3. g3 g6 4. Bg2 Bg7 5. Nc3 0-0 6. e4 Bg4 7. h3 Bxf3 8. Bxf3 Nbd7 9. Bg2 c5 10. dxc5 Nxc5 11. 0-0 Rb8 12. Be3 b5 13. e5 Ne8 14. Bxc5 dxc5 15. Qe2 b4 16. Rfd1 Qc8 17. Nd5 Qe6 18. Re1 Kh8 19. Rad1 Rc8 20. Bf3 h5 21. Nf4 Qf5 22. Rd5 Nc7 23. Rxc5 Ne6 24. Nxe6 fxe6 25. Be4 Rxc5 26. Bxf5 Rxf5 27. Qd2 Kh7 28. Qxb4 Rxc2 29. f4 1-0

[Event "St Petersburg Botvinnik 100 op"]
[Site "St Petersburg"]
[Date "2011.08.17"]
[Round "6"]
[White "Pshenichny, Vladimir"]
[Black "Burkov, German"]
[Result "1-0"]
[WhiteElo "2025"]
[BlackElo "2162"]
[PlyCount "77"]
[EventDate "2011.08.12"]
[EventType "swiss"]
[EventRounds "9"]
[EventCountry "RUS"]
[SourceTitle "CBM 143 Extra"]
[Source "ChessBase"]
[SourceDate "2011.08.29"]
[SourceVersion "1"]
[SourceVersionDate "2011.08.29"]
[SourceQuality "1"]

1. c4 Nf6 2. Nc3 g6 3. g3 Bg7 4. Bg2 c5 5. Nf3 Nc6 6. d4 cxd4 7. Nxd4 0-0 8. 0-0 Nxd4 9. Qxd4 d6 10. Qh4 Qb6 11. Rb1 Bf5 12. e4 Be6 13. b3 Rfc8 14. Bh6 Rab8 15. Rbc1 Qa5 16. Qg5 Qa3 17. Bxg7 Kxg7 18. e5 dxe5 19. Qxe5 a6 20. Bd5 b5 21. Bxe6 fxe6 22. Ne4 bxc4 23. bxc4 Rb6 24. Ng5 Qxa2 25. Nxe6+ Kg8 26. Ng5 Qd2 27. Rcd1 Qb4 28. Rfe1 h6 29. c5 hxg5 30. cxb6 Qxb6 31. Qxe7 Re8 32. Qa3 Ne4 33. Qe3 Qb2 34. Qd4 Qxd4 35. Rxd4 Nf6 36. Rxe8+ Nxe8 37. Rd8 Kf7 38. Ra8 g4 39. Rxa6 1-0

[Event "St Petersburg Botvinnik 100 op"]
[Site "St Petersburg"]
[Date "2011.08.13"]
[Round "2"]
[White "Chuprova, Irina"]
[Black "Burkov, German"]
[Result "1-0"]
[WhiteElo "1866"]
[BlackElo "2162"]
[PlyCount "83"]
[EventDate "2011.08.12"]
[EventType "swiss"]
[EventRounds "9"]
[EventCountry "RUS"]
[SourceTitle "CBM 143 Extra"]
[Source "ChessBase"]
[SourceDate "2011.08.29"]
[SourceVersion "1"]
[SourceVersionDate "2011.08.29"]
[SourceQuality "1"]

1. e4 c5 2. Nf3 d6 3. d4 cxd4 4. Nxd4 Nf6 5. Nc3 g6 6. Be3 Bg7 7. f3 a6 8. Qd2 Nc6 9. 0-0-0 Bd7 10. Bh6 Bxh6 11. Qxh6 Nxd4 12. Rxd4 Qa5 13. Bc4 Rc8 14. Rhd1 Be6 15. Nd5 Bxd5 16. exd5 b5 17. Bb3 Rg8 18. f4 Qc7 19. Kb1 Qd7 20. h3 Kd8 21. g4 Qe8 22. c4 Qf8 23. Qh4 Qg7 24. Qe1 Nd7 25. Qa5+ Rc7 26. cxb5 axb5 27. Qxb5 Nc5 28. Ba4 g5 29. Qb8+ Rc8 30. Qb6+ Rc7 31. Bc6 gxf4 32. b4 Qg6+ 33. Kb2 Qf6 34. bxc5 dxc5 35. Qxc5 Rg5 36. Qc3 Qd6 37. Rb4 e5 38. dxe6 Qxd1 39. Rd4+ Qxd4 40. Qxd4+ Ke7 41. Qxf4 Rxc6 42. Qxg5+ 1-0

[Event "Karelia-ch"]
[Site "Petrozavodsk"]
[Date "2011.02.26"]
[Round "8"]
[White "Gubaidullin, Mannifanzil"]
[Black "Burkov, German"]
[Result "0-1"]
[WhiteElo "1800"]
[BlackElo "2178"]
[PlyCount "74"]
[EventDate "2011.02.22"]
[EventType "swiss"]
[EventRounds "9"]
[EventCountry "RUS"]
[SourceTitle "CBM 141 Extra"]
[Source "ChessBase"]
[SourceDate "2011.05.03"]
[SourceVersion "1"]
[SourceVersionDate "2011.05.03"]
[SourceQuality "1"]

1. d4 Nf6 2. Nf3 c5 3. e3 g6 4. c3 b6 5. Qb3 Bg7 6. Nbd2 0-0 7. Be2 d5 8. 0-0 c4 9. Qd1 Nc6 10. b3 cxb3 11. axb3 Bb7 12. Ba3 Re8 13. Bb5 a6 14. Bxc6 Bxc6 15. Ne5 Bb7 16. c4 Nd7 17. f4 f6 18. Nef3 e5 19. cxd5 e4 20. Ne1 Bxd5 21. Rc1 b5 22. Rf2 a5 23. Bd6 Qb6 24. Bc5 Qb7 25. Bd6 Rec8 26. f5 Rxc1 27. Qxc1 Rc8 28. Qb2 Qc6 29. Bg3 Qc1 30. Qxc1 Rxc1 31. Kf1 a4 32. bxa4 bxa4 33. Bd6 Bf8 34. Bxf8 Kxf8 35. fxg6 hxg6 36. h4 a3 37. Nxe4 a2 0-1

[Event "Karelia-ch"]
[Site "Petrozavodsk"]
[Date "2011.02.23"]
[Round "2"]
[White "Klyuev, Alexander S"]
[Black "Burkov, German"]
[Result "1/2-1/2"]
[WhiteElo "1994"]
[BlackElo "2178"]
[PlyCount "61"]
[EventDate "2011.02.22"]
[EventType "swiss"]
[EventRounds "9"]
[EventCountry "RUS"]
[SourceTitle "CBM 141 Extra"]
[Source "ChessBase"]
[SourceDate "2011.05.03"]
[SourceVersion "1"]
[SourceVersionDate "2011.05.03"]
[SourceQuality "1"]

1. c4 e5 2. Nc3 Nf6 3. g3 Bb4 4. Bg2 Bxc3 5. bxc3 0-0 6. d3 Re8 7. e4 c6 8. Bg5 h6 9. Bxf6 Qxf6 10. Ne2 d6 11. 0-0 Qg6 12. f4 Bg4 13. f5 Qh5 14. Rf2 Nd7 15. Qf1 Bxe2 16. Rxe2 Qg5 17. Qf2 Qe7 18. g4 Nf6 19. Bf3 Nh7 20. h4 f6 21. Rb1 Reb8 22. Reb2 c5 23. Rb3 Qc7 24. Qb2 b6 25. Bd1 Nf8 26. Qd2 Qe7 27. R3b2 Nh7 28. Ba4 Rc8 29. Bd1 Nf8 30. Ba4 Nh7 31. Bd1 1/2-1/2

[Event "Karelia-ch 63rd"]
[Site "Petrozavodsk"]
[Date "2010.02.25"]
[Round "9"]
[White "Zhukov, Daniil"]
[Black "Burkov, German"]
[Result "0-1"]
[WhiteElo "1942"]
[BlackElo "2172"]
[PlyCount "72"]
[EventDate "2010.02.20"]
[EventType "swiss"]
[EventRounds "9"]
[EventCountry "RUS"]
[SourceTitle "CBM 135 Extra"]
[Source "ChessBase"]
[SourceDate "2010.05.04"]
[SourceVersion "1"]
[SourceVersionDate "2010.05.04"]
[SourceQuality "1"]

1. e4 g6 2. d4 Bg7 3. Nc3 c5 4. Nf3 cxd4 5. Nxd4 d6 6. Be3 Nc6 7. Qd2 Bd7 8. 0-0-0 a6 9. Bc4 Nf6 10. f3 Nxd4 11. Bxd4 0-0 12. g4 Rc8 13. Bb3 Be6 14. Bxe6 fxe6 15. h4 Qa5 16. Kb1 Nd7 17. Bxg7 Kxg7 18. h5 g5 19. h6+ Kh8 20. Rh5 Rxf3 21. Rxg5 Qb4 22. a3 Qb6 23. Qd4+ Qxd4 24. Rxd4 Rg8 25. Rxg8+ Kxg8 26. Rc4 Nc5 27. b4 b5 28. Rd4 Rxc3 29. bxc5 Rxc5 30. Rd3 Re5 31. Rc3 Rxe4 32. Rc7 Kf7 33. Ra7 Rxg4 34. Rxa6 Ra4 35. Rb6 Rxa3 36. Rxb5 Rh3 0-1

[Event "Karelia-ch 63rd"]
[Site "Petrozavodsk"]
[Date "2010.02.22"]
[Round "4"]
[White "Yachmenev, Mikhail A"]
[Black "Burkov, German"]
[Result "1-0"]
[WhiteElo "2265"]
[BlackElo "2172"]
[PlyCount "77"]
[EventDate "2010.02.20"]
[EventType "swiss"]
[EventRounds "9"]
[EventCountry "RUS"]
[SourceTitle "CBM 135 Extra"]
[Source "ChessBase"]
[SourceDate "2010.05.04"]
[SourceVersion "1"]
[SourceVersionDate "2010.05.04"]
[SourceQuality "1"]

1. e4 c5 2. Nf3 e6 3. d3 Nc6 4. g3 d6 5. Bg2 Nge7 6. c3 e5 7. 0-0 Bg4 8. h3 Bxf3 9. Qxf3 h6 10. Qe2 g5 11. a3 a5 12. a4 Bg7 13. Na3 Ng6 14. Nc4 0-0 15. Ne3 Nge7 16. Qh5 f6 17. h4 Qe8 18. Qxe8 Rfxe8 19. hxg5 fxg5 20. Ra3 Rab8 21. Rb3 Red8 22. Bf3 Na7 23. Nc4 Nec6 24. Nb6 Nc8 25. Bg4 Nxb6 26. Rxb6 Kf7 27. f4 gxf4 28. gxf4 exf4 29. Bxf4 Ke7 30. Bg3 Bf6 31. Kg2 Rg8 32. Kh3 Ne5 33. Rxf6 Nxg4 34. Rfxd6 Kf7 35. Rd7+ Ke8 36. Rh7 Rd8 37. Re6+ Kf8 38. Bd6+ Rxd6 39. Rxd6 1-0

[Event "Karelia-ch 63rd"]
[Site "Petrozavodsk"]
[Date "2010.02.20"]
[Round "1"]
[White "Burkov, German"]
[Black "Dmitriev, Andrey V"]
[Result "1-0"]
[WhiteElo "2172"]
[BlackElo "1905"]
[PlyCount "134"]
[EventDate "2010.02.20"]
[EventType "swiss"]
[EventRounds "9"]
[EventCountry "RUS"]
[SourceTitle "CBM 135 Extra"]
[Source "ChessBase"]
[SourceDate "2010.05.04"]
[SourceVersion "1"]
[SourceVersionDate "2010.05.04"]
[SourceQuality "1"]

1. Nf3 d5 2. g3 Nf6 3. Bg2 c6 4. b3 Bf5 5. Bb2 e6 6. 0-0 Be7 7. d3 h6 8. Nbd2 0-0 9. Re1 Nbd7 10. e4 Bh7 11. e5 Ne8 12. Qe2 Qb6 13. a4 a5 14. h3 Nc7 15. Nf1 Rac8 16. Ne3 Rfd8 17. Ng4 Na6 18. Bd4 c5 19. Be3 Bf8 20. Bf1 Nb4 21. Qd1 Qc6 22. c3 Na6 23. Rc1 c4 24. Nd4 Qc7 25. Nb5 Qb8 26. bxc4 dxc4 27. d4 Nb6 28. Bg2 Nc5 29. Ra1 Nd3 30. Rf1 Nb2 31. Qf3 Nd5 32. Bc1 Nd3 33. Ne3 Nxc1 34. Rfxc1 Rc6 35. Bf1 Nb6 36. Qg4 Be7 37. Ra2 Rd7 38. Bg2 Rc8 39. f4 Re8 40. h4 Qd8 41. Kh2 Bf8 42. Rf1 Bd3 43. Rff2 Kh7 44. f5 exf5 45. Nxf5 Bxf5 46. Qxf5+ g6 47. Qf6 Qxf6 48. Rxf6 Re6 49. Rxe6 fxe6 50. Bh3 Re7 51. Nd6 Nd5 52. Ne4 Re8 53. Rb2 b6 54. Rb5 Ba3 55. Rxd5 exd5 56. Nf6+ Kh8 57. Nxe8 Bb2 58. Be6 Bxc3 59. Bxd5 Bxd4 60. Nd6 c3 61. Bb3 Kg7 62. Nc4 g5 63. hxg5 hxg5 64. g4 Kf8 65. Kg2 Ke7 66. Kf3 Kd7 67. Ke4 Bf2 1-0

[Event "Rybinsk op"]
[Site "Rybinsk"]
[Date "2009.06.18"]
[Round "6"]
[White "Burkov, German"]
[Black "Morozov, Egor"]
[Result "1-0"]
[WhiteElo "2169"]
[BlackElo "1961"]
[PlyCount "91"]
[EventDate "2009.06.14"]
[EventType "swiss"]
[EventRounds "9"]
[EventCountry "RUS"]
[SourceTitle "CBM 131 Extra"]
[Source "ChessBase"]
[SourceDate "2009.09.03"]
[SourceVersion "2"]
[SourceVersionDate "2009.09.16"]
[SourceQuality "1"]

1. Nf3 d5 2. b3 c5 3. Bb2 e6 4. g3 Nf6 5. Bg2 Bd6 6. d3 b6 7. e4 Be7 8. e5 Nfd7 9. 0-0 Nc6 10. Nbd2 Qc7 11. Re1 Bb7 12. Qe2 Rb8 13. c4 d4 14. h4 Rc8 15. Nf1 a6 16. Bc1 h6 17. Bf4 b5 18. N1h2 Nb6 19. h5 Ba8 20. Nd2 Nd7 21. cxb5 axb5 22. a4 bxa4 23. Rxa4 Nb6 24. Raa1 Bb7 25. Nc4 Nxc4 26. bxc4 0-0 27. Ng4 Nd8 28. Qd2 Bg5 29. Bxg5 hxg5 30. Qxg5 Kh7 31. h6 g6 32. Nf6+ Kh8 33. Ne8 f6 34. Qxg6 Rxe8 35. Qxe8+ Kh7 36. Ra7 Nc6 37. Bxc6 Qxc6 38. Qxc6 Rxc6 39. Rxb7+ Kxh6 40. exf6 Kg6 41. f7 Kg7 42. Re5 Rc8 43. Rxe6 Rf8 44. Re8 Rxf7 45. Rxf7+ Kxf7 46. Rc8 1-0

[Event "Rybinsk op"]
[Site "Rybinsk"]
[Date "2009.06.16"]
[Round "5"]
[White "Kuznetsov, Vadim"]
[Black "Burkov, German"]
[Result "1/2-1/2"]
[WhiteElo "2186"]
[BlackElo "2169"]
[PlyCount "46"]
[EventDate "2009.06.14"]
[EventType "swiss"]
[EventRounds "9"]
[EventCountry "RUS"]
[SourceTitle "CBM 131 Extra"]
[Source "ChessBase"]
[SourceDate "2009.09.03"]
[SourceVersion "2"]
[SourceVersionDate "2009.09.16"]
[SourceQuality "1"]

1. d4 c5 2. d5 d6 3. c4 Nf6 4. Nc3 g6 5. e4 Bg7 6. Bd3 0-0 7. Bg5 h6 8. Bh4 Na6 9. f4 Nd7 10. Nf3 Re8 11. Qd2 Nc7 12. 0-0 a6 13. a4 Rb8 14. Rae1 b5 15. e5 Nf8 16. b3 bxc4 17. bxc4 Bg4 18. exd6 Qxd6 19. Ne5 Bf5 20. Bxf5 gxf5 21. Nc6 Rb3 22. Nd1 Ng6 23. Qc2 Rb7 1/2-1/2

[Event "Karelia-ch 62nd"]
[Site "Petrozavodsk"]
[Date "2009.02.22"]
[Round "2"]
[White "Potievskaya, Alexandra"]
[Black "Burkov, German"]
[Result "1/2-1/2"]
[WhiteElo "1870"]
[BlackElo "2188"]
[PlyCount "55"]
[EventDate "2009.02.21"]
[EventType "swiss"]
[EventRounds "9"]
[EventCountry "RUS"]
[SourceTitle "CBM 129 Extra"]
[Source "ChessBase"]
[SourceDate "2009.05.05"]
[SourceVersion "2"]
[SourceVersionDate "2009.05.20"]
[SourceQuality "1"]

1. e4 d6 2. Nf3 Nf6 3. Nc3 g6 4. d4 Bg7 5. Be2 0-0 6. 0-0 c6 7. h3 b5 8. a3 Bb7 9. e5 Ne8 10. Bf4 Nd7 11. Qd2 dxe5 12. dxe5 Nxe5 13. Qe3 Nxf3+ 14. Bxf3 Nd6 15. Rad1 Qe8 16. Bxd6 exd6 17. Qxe8 Raxe8 18. Rxd6 Bxc3 19. bxc3 Re5 20. Rfd1 Kg7 21. Bxc6 Bxc6 22. Rxc6 Re2 23. Rd5 Rxc2 24. Rxb5 Rd8 25. Rb1 Rdd2 26. Rf1 Rd3 27. Ra6 Rd7 28. Rc6 1/2-1/2

[Event "Northwest-ch Seniors"]
[Site "Kirishi"]
[Date "2009.01.21"]
[Round "6"]
[White "Chembaev, Evgeny"]
[Black "Burkov, German"]
[Result "1-0"]
[WhiteElo "2186"]
[BlackElo "2188"]
[PlyCount "75"]
[EventDate "2009.01.16"]
[EventType "swiss"]
[EventRounds "9"]
[EventCountry "RUS"]
[SourceTitle "EXT 2010"]
[Source "ChessBase"]
[SourceDate "2010.11.25"]
[SourceVersion "1"]
[SourceVersionDate "2010.11.25"]
[SourceQuality "1"]

1. c4 Nf6 2. Nc3 e5 3. g3 Bb4 4. Qc2 0-0 5. Bg2 Re8 6. Nf3 Nc6 7. 0-0 Nd4 8. Nxd4 exd4 9. Ne4 Nxe4 10. Bxe4 h6 11. a3 Bf8 12. b4 d6 13. Bb2 Qe7 14. Bf3 c5 15. Rfe1 g6 16. e3 Bg7 17. Qc1 Be6 18. exd4 cxd4 19. d3 Qd7 20. h4 Rac8 21. Qf4 b5 22. Bxd4 Bxd4 23. Qxd4 bxc4 24. dxc4 Rxc4 25. Qe3 Kh7 26. h5 Rcc8 27. hxg6+ fxg6 28. Qd4 Qf7 29. Bg2 Rf8 30. Rad1 Rc2 31. Rd2 Rxd2 32. Qxd2 d5 33. Qd4 h5 34. Rc1 Rd8 35. Rc6 Bf5 36. Ra6 Rd7 37. b5 Qe7 38. a4 1-0

[Event "RUS-ch Seniors"]
[Site "Odintsovo"]
[Date "2008.10.08"]
[Round "6"]
[White "Ostrovsky, Alexander"]
[Black "Burkov, German"]
[Result "1-0"]
[WhiteElo "2376"]
[BlackElo "2199"]
[PlyCount "95"]
[EventDate "2008.10.02"]
[EventType "swiss"]
[EventRounds "9"]
[EventCountry "RUS"]
[SourceTitle "CBM 127 Extra"]
[Source "ChessBase"]
[SourceDate "2009.01.08"]
[SourceVersion "2"]
[SourceVersionDate "2009.01.28"]
[SourceQuality "1"]

1. Nf3 Nf6 2. b3 d5 3. Bb2 Nbd7 4. e3 e6 5. d4 Be7 6. Bd3 b6 7. Bb5 0-0 8. Bc6 Rb8 9. Nbd2 Bb7 10. Bxb7 Rxb7 11. 0-0 c5 12. Qe2 Rc7 13. c4 Qa8 14. dxc5 bxc5 15. Rac1 Rfc8 16. Nb1 Ne4 17. Rfd1 Bf6 18. Bxf6 Nexf6 19. Nc3 a6 20. Na4 Qb7 21. Nd2 h6 22. f3 Nb6 23. Nxb6 Qxb6 24. e4 d4 25. e5 Nd7 26. f4 f5 27. exf6 Nxf6 28. Nf3 Re8 29. Ne5 Nd7 30. Nd3 Qd6 31. Qh5 Rf8 32. Re1 Rf5 33. Qe8+ Nf8 34. Re2 Re7 35. Qa8 Kh7 36. Rce1 h5 37. Qc8 Nd7 38. Qd8 Rf8 39. Qa5 Rf5 40. a3 e5 41. b4 Qb6 42. Qxb6 Nxb6 43. Rxe5 Rexe5 44. Rxe5 Rxe5 45. Nxe5 cxb4 46. axb4 Kg8 47. Kf2 Kf8 48. Kf3 1-0

[Event "RUS-ch Seniors"]
[Site "Odintsovo"]
[Date "2008.10.07"]
[Round "5"]
[White "Burkov, German"]
[Black "Malov, Lev Pavlovich"]
[Result "1-0"]
[WhiteElo "2199"]
[BlackElo "2042"]
[PlyCount "103"]
[EventDate "2008.10.02"]
[EventType "swiss"]
[EventRounds "9"]
[EventCountry "RUS"]
[SourceTitle "CBM 127 Extra"]
[Source "ChessBase"]
[SourceDate "2009.01.08"]
[SourceVersion "2"]
[SourceVersionDate "2009.01.28"]
[SourceQuality "1"]

1. c4 Nf6 2. Nc3 d5 3. d4 Be6 4. cxd5 Bxd5 5. f3 b6 6. e4 Bb7 7. Bg5 Nbd7 8. e5 Nd5 9. Bc4 h6 10. Nxd5 hxg5 11. e6 fxe6 12. Ne3 Nf6 13. Bxe6 Bc8 14. Bc4 Qd6 15. Qb3 e6 16. 0-0-0 Bd7 17. Nh3 Nh7 18. Rhe1 0-0-0 19. Ng4 Be7 20. Ne5 Rhf8 21. Nxd7 Kxd7 22. Rxe6 Qb4 23. Qxb4 Bxb4 24. Rg6 Kc8 25. Rxg7 Rh8 26. Kc2 Bd6 27. Nxg5 Nxg5 28. Rxg5 Rxh2 29. Be6+ Kb7 30. Bh3 Re8 31. Rg4 Re2+ 32. Kc3 Re3+ 33. Kc4 c6 34. a4 a6 35. Rg7+ Kb8 36. Rd3 b5+ 37. axb5 axb5+ 38. Kc3 Re2 39. Kb3 Rh1 40. Rc3 Rb1 41. Rc2 Rxc2 42. Kxc2 Re1 43. Bf5 c5 44. dxc5 Bxc5 45. Bd3 b4 46. f4 Bd4 47. Rd7 Bf6 48. Kb3 Rd1 49. Kxb4 Bxb2 50. Kc4 Rd2 51. g4 Kc8 52. Rf7 1-0